Catálogo de la Biblioteca Horacio González - Universidad Nacional de General Sarmiento

[International year of the child] [afiche] (Registro nro. 63864)

Detalles MARC
000 -CABECERA
campo de control de longitud fija 01027nam a22002290a 4500
001 - NÚMERO DE CONTROL
campo de control PT36171
003 - IDENTIFICADOR DEL NÚMERO DE CONTROL
campo de control AR-LpoUNG
005 - FECHA Y HORA DE LA ÚLTIMA TRANSACCIÓN
campo de control 20230307152412.0
007 - CAMPO FIJO DE DESCRIPCIÓN FÍSICA--INFORMACIÓN GENERAL
campo de control de longitud fija kk |||
040 ## - FUENTE DE LA CATALOGACIÓN
Centro catalogador/agencia de origen AR-LpoUNG
Lengua de catalogación spa
Centro/agencia transcriptor AR-LpoUNG
Normas de descripción aacr
082 0# - NÚMERO DE LA CLASIFICACIÓN DECIMAL DEWEY
Número de clasificación 982.065 687des
110 2# - ENTRADA PRINCIPAL--NOMBRE DE ENTIDAD CORPORATIVA
Nombre de entidad corporativa o nombre de jurisdicción como elemento de entrada CISPA
245 00 - MENCIÓN DE TÍTULO
Título [International year of the child] [afiche]
300 ## - DESCRIPCIÓN FÍSICA
Extensión 1 lám. : byn : 47 x 60 cm.
500 ## - NOTA GENERAL
Nota general El afiche pertenece a la colección de Derechos Humanos del Sr. Carlos Martinez Vidal. El item se encuentra enmarcado y en el mismo se puede leer: "International year of the child. - the abduction of small children by the Argentine armed forces thrusts the Argentine government to the lowest pit of inhuman barbarity." - "Año internacional del niño. - El secuestro de niños pequeños por las Fuerzas Armadas Argentinas empuja al Gobierno Argentino a la fosa mas profunda de la barbarie inhumana."
650 #4 - PUNTO DE ACCESO ADICIONAL DE MATERIA--TÉRMINO DE MATERIA
Término de materia o nombre geográfico como elemento de entrada CHILE
650 #4 - PUNTO DE ACCESO ADICIONAL DE MATERIA--TÉRMINO DE MATERIA
Término de materia o nombre geográfico como elemento de entrada DERECHOS HUMANOS
650 #4 - PUNTO DE ACCESO ADICIONAL DE MATERIA--TÉRMINO DE MATERIA
Término de materia o nombre geográfico como elemento de entrada DICTADURA
650 #4 - PUNTO DE ACCESO ADICIONAL DE MATERIA--TÉRMINO DE MATERIA
Término de materia o nombre geográfico como elemento de entrada HISTORIA POLITICA
905 ## - ELEMENTOS DE DATOS E LOCAL, LDE (RLIN)
a 36171
942 ## - ELEMENTOS DE PUNTO DE ACCESO ADICIONAL (KOHA)
Tipo de ítem Koha Afiche
Existencias
Estado de retiro Estado de pérdida Estado dañado No para préstamo Código de colección Localización permanente Ubicación/localización actual Fecha de adquisición Total de préstamos Signatura topográfica completa Código de barras Fecha visto por última vez Precio válido a partir de Tipo de ítem Koha
        Colección General Biblioteca Universidad Nacional de General Sarmiento Biblioteca Universidad Nacional de General Sarmiento 07/03/2023   982.065 687des 00044002 07/03/2023 07/03/2023 Afiche